Efecto de sustratos orgánicos a base de compost y vermicompost en la producción orgánica de plántulas de albahaca (Ocimum basilicum L.) /
Guardado en:
| Autor Principal: | |
|---|---|
| Autor Corporativo: | |
| Otros Autores: | |
| Formato: | Libro |
| Idioma: | Spanish |
| Publicado: |
Bahía Blanca,
2018.
|
| Materias: | |
| Etiquetas: |
Agregar Etiqueta
Sin Etiquetas, Sea el primero en etiquetar este registro!
|
| LEADER | 01025nam a22002295a 4500 | ||
|---|---|---|---|
| 001 | EEA.libagro010987 | ||
| 005 | 20181010091230.0 | ||
| 008 | 180613s2018####ag#a##########000#0#spa#d | ||
| 082 | 0 | 4 | |a 635.7 |
| 100 | 1 | |a Fuentes, María Florencia. | |
| 245 | 1 | 0 | |a Efecto de sustratos orgánicos a base de compost y vermicompost en la producción orgánica de plántulas de albahaca (Ocimum basilicum L.) / |c María Florencia Fuentes. |
| 260 | |a Bahía Blanca, |c 2018. | ||
| 300 | |a 73 h. : |b il. col., fot. col. ; |c 30 cm. | ||
| 500 | |a Trabajo de intensificación (Ingeniero Agrónomo) -- Universidad Nacional del Sur. Departamento de Agronomía, 2018. | ||
| 650 | 7 | |a Producción de plántulas |2 agrovoc | |
| 650 | 7 | |a Ocimum basilicum |2 agrovoc | |
| 650 | 7 | |a Substratos de cultivo |2 agrovoc | |
| 650 | 7 | |a Turberas |2 agrovoc | |
| 650 | 7 | |a Elaboración del compost |2 agrovoc | |
| 700 | 1 | |a Ayastuy, Miren Edurne, |e tutor. | |
| 710 | 2 | |a Universidad Nacional del Sur. |b Departamento de Agronomía. | |
| 859 | |a AR-BbBCA |b BIB. AGRONOMIA |h 635.7 |i F954 |p 2018/6927 | ||
